000 00860cab a22002295a 4500
001 L159882
008 150113e2017 xxk 000 0 eng d
035 _a(Sirsi) u159882
041 0 _aeng
050 _a690.25 $2 18
100 1 _aRushton, Trevor
245 0 0 _aUnder the skin
_h[electronic resource]
260 _aLondon
_bRICS
_c2017
490 _aRICS Building Surveying Journal
_vDecember 2017 - January 2018, 12-13(2)
520 _aScrutinises the performance of cladding systems and the factors that can lead to failure.
650 2 4 _aCLADDING SYSTEMS
651 4 _aUnited Kingdom
_y
690 _aBUILT ENVIRONMENT-BUILDING ELEMENTS-COMPLETE BUILDING ELEMENTS-WALLS-EXTERNAL WALLS
856 4 0 _uhttps://issuu.com/ricsmodus/docs/building_surveying_journal_december_cfa9ea648afe6a
_yAvailable free online via Issuu
856 4 0 _u
_z
942 _n0
999 _c85041
_d85041